Basic Words - D - Statistics

General Stats
  • This quiz has been taken 56 times
  • The average score is 9 of 10
Answer Stats
Hint Answer % Correct
Man's best friend Dog
96%
Good or bad, happens when sleeping Dream
96%
Acrobatic marine mammals Dolphin
89%
Ring-shaped bread, can be glazed or stuffed with jam Donut
89%
Formerly living relative of lizards Dinosaur
85%
Rhythmic instrument, used in most songs Drum
83%
Bird fed at the pond Duck
83%
Blue crystal, favourite to many in Minecraft Diamond
81%
Shrek's best friend Donkey
79%
Uses two big horns on its head for protection Deer
70%
No matching quizzes found
Score Distribution
Percent of People with Each Score
Percentile by Number Answered
Your Score History
You have not taken this quiz